00874cam a22002531 4500001001300000003000400013005001700017008004100034010001700075035001800092040002500110042001200135050001800147100002300165245012100188260002900309300006000338410004800398504002500446650004500471650004600516650004100562999001700603gs 65000352 DLC20260227111417.0740521s1965 xx 000 0 eng  ags 65000352  a(OCoLC)892397 aDLCcOAUdOCoLCdDLC apremarc00aGB1025.A2bS21 aSanford, Thomas H.10aGround-water conditions in the Huntsville area, Alabama,bJanuary 1960 through June 1961,cby Thomas H. Sanford, Jr. aUniversity, Ala.,c1965. a46 p.billus. (part col.) fold. map (in pocket)c23 cm.20aGeological Survey of Alabama.tCircularv24 aBibliography: p. 26. 0aGroundwaterzAlabamazHuntsville Region. 0aWater-supplyzAlabamazHuntsville Region. 0aBoringszAlabamazHuntsville Region. c30098d30098